000 00601nam a2200205Ia 4500
003 OSt
005 20250611155228.0
008 210210b2000 xxu||||| |||| 00| 0 eng d
040 _cAL
041 _akan
082 _aK894.4 HIRP
100 _aHIREMATA (B K)
_9167494
_dಬಿ.. ಹಿರೇಮಠ(ಬಿ ಕೆ)
245 _aPrabhulinga lile
_bಪ್ರಭುಲಿಂಗಲೀಲೆ
260 _aBengaluru
_bKannada Mattu Samskrathi Nirdeshanalaya
_c2000
300 _a77
650 _a Gadyanuvada sangraha
_9167495
690 _aKannada Prose
_9167496
906 _a057718
942 _2ddc
_cBK
999 _c105101
_d105101